[Event "Olomoucke sachove leto Open Olomouc"]
[Site "Olomouc"]
[Date "2015.08.16"]
[Round "2.9"]
[White "Spanton, Tim"]
[Black "Valenta, Vit"]
[Result "1-0"]
[WhiteElo "1950"]
[BlackElo "2142"]
[PlyCount "131"]
[EventDate "2015.08.15"]

1. c4 e5 2. g3 g6 3. Bg2 Bg7 4. Nc3 Ne7 5. e4 O-O 6. Nge2 Nbc6 7. O-O d6 8. d3
f5 9. Rb1 fxe4 10. dxe4 Nd4 11. Nxd4 exd4 12. Nd5 c6 13. Nf4 a5 14. b3 Bd7 15.
Bb2 c5 16. a4 Nc6 17. Nd3 Ne5 18. h3 Bc6 19. f4 Nxd3 20. Qxd3 Qd7 21. Rbe1 Rae8
22. Bc1 b6 23. g4 Rf7 24. Re2 Ref8 25. Ref2 Qe7 26. g5 Qb7 27. h4 Re7 28. f5
Be5 29. f6 Ref7 30. Bf4 Re8 31. Re2 Bd7 32. Bh3 Qc8 33. Kh2 Bg4 34. Rg2 Bxh3
35. Qxh3 Qxh3+ 36. Kxh3 h5 37. Kg3 Rd7 38. Rgf2 Kf7 39. Rd1 Rdd8 40. Rd3 Re6
41. Bxe5 Rxe5 42. Rf4 Rc8 43. Kf3 Rc7 44. Kf2 Re8 45. Rdf3 Ra8 46. Rd3 b5 47.
cxb5 c4 48. b6 c3 49. Rd1 c2 50. Rc1 Rc3 51. Ke2 Rb8 52. Rf3 Rxb6 53. Rxc3 dxc3
54. Rxc2 Rxb3 55. Kd3 Ra3 56. Rxc3 Rxa4 57. Rc7+ Kf8 58. Rg7 Ra1 59. Rxg6 a4
60. Kc2 Rh1 61. Rh6 Kg8 62. Rxh5 Rh2+ 63. Kb1 Re2 64. g6 Rf2 65. f7+ Kg7 66.
Rf5 1-0

[Event "Olomoucke sachove leto Open Olomouc"]
[Site "Olomouc"]
[Date "2015.08.16"]
[Round "2.10"]
[White "Balokas, Dimitrios"]
[Black "Zakoucka, Adela"]
[Result "1-0"]
[WhiteElo "2122"]
[BlackElo "1965"]
[PlyCount "73"]
[EventDate "2015.08.15"]

1. d4 Nf6 2. c4 g6 3. Nc3 Bg7 4. e4 d6 5. Bd3 O-O 6. Nge2 e5 7. d5 a5 8. O-O
Nbd7 9. f3 Ne8 10. Be3 f5 11. exf5 gxf5 12. Qd2 Kh8 13. Bg5 Bf6 14. Bh6 Bg7 15.
Bg5 Bf6 16. Bxf6+ Qxf6 17. f4 e4 18. Bc2 Nc5 19. Qd4 Bd7 20. b3 Ng7 21. Qxf6
Rxf6 22. a3 Na6 23. b4 Rff8 24. Rfb1 Nh5 25. Ba4 Nf6 26. Nd4 Bxa4 27. Nxa4 Ng4
28. b5 Nb8 29. Ne6 Rf7 30. b6 cxb6 31. Nxb6 Ra6 32. Rb3 Nd7 33. Nc8 Nf8 34.
Rab1 Nxe6 35. dxe6 Rc7 36. Nb6 Re7 37. Nd5 1-0

[Event "Olomoucke sachove leto Open senioru"]
[Site "Olomouc"]
[Date "2015.08.16"]
[Round "2.3"]
[White "Mikulka, Jan"]
[Black "Zdrazil, Bohumir"]
[Result "1/2-1/2"]
[WhiteElo "1833"]
[BlackElo "1933"]
[PlyCount "55"]
[EventDate "2015.08.15"]

1. e4 e6 2. d4 d5 3. Nd2 Nf6 4. e5 Nfd7 5. Bd3 c5 6. c3 Nc6 7. Ne2 cxd4 8. cxd4
Be7 9. Nf3 O-O 10. O-O f5 11. exf6 Bxf6 12. Nf4 Re8 13. Re1 Nf8 14. Nh5 Be7 15.
a3 g6 16. Nf4 Bf6 17. Bb5 Bd7 18. Bxc6 Bxc6 19. b4 a5 20. Bb2 Qb6 21. Bc3 a4
22. Nd3 Bb5 23. Nc5 Qc7 24. Rc1 b6 25. Nd3 Bc4 26. Bb2 Qb7 27. Nfe5 Bb5 28. Qd2
1/2-1/2

[Event "Olomoucke sachove leto Open senioru"]
[Site "Olomouc"]
[Date "2015.08.16"]
[Round "2.4"]
[White "Schenke, Conrad"]
[Black "Prachar, Josef"]
[Result "0-1"]
[WhiteElo "1000"]
[BlackElo "1899"]
[PlyCount "60"]
[EventDate "2015.08.15"]

1. e4 c5 2. Nc3 Nc6 3. Nf3 Nf6 4. Bc4 d6 5. h3 e6 6. d3 Be7 7. Bg5 a6 8. a3 b5
9. Ba2 Bb7 10. O-O O-O 11. Re1 Qc7 12. Bf4 Nd7 13. d4 cxd4 14. Ne2 e5 15. Bg3
Nc5 16. c3 Nxe4 17. cxd4 Nxg3 18. Nxg3 exd4 19. Nf5 Bf6 20. Rc1 Qd7 21. N5xd4
Rac8 22. Qd2 Ne5 23. Qf4 Nd3 24. Qd2 Nxc1 25. Rxc1 Rxc1+ 26. Qxc1 Rc8 27. Qf4
Qc7 28. Nf5 Qc1+ 29. Qxc1 Rxc1+ 30. Kh2 Bxf3 0-1

[Event "Olomoucke sachove leto Open senioru"]
[Site "Olomouc"]
[Date "2015.08.16"]
[Round "2.5"]
[White "Young, Mel"]
[Black "Hagara, Vladimir"]
[Result "1/2-1/2"]
[WhiteElo "1893"]
[BlackElo "1839"]
[PlyCount "95"]
[EventDate "2015.08.15"]

1. e4 c5 2. d4 cxd4 3. c3 dxc3 4. Nxc3 Nc6 5. Nf3 d6 6. Bc4 e6 7. O-O a6 8. Qe2
Be7 9. Rd1 Qa5 10. Be3 Nf6 11. Rac1 Ng4 12. Bf4 Nge5 13. Bb3 O-O 14. Nxe5 Nxe5
15. Be3 Bd7 16. f4 Ng6 17. Qf2 Bc6 18. f5 exf5 19. exf5 Ne5 20. Nd5 Bxd5 21.
Rxd5 Qd8 22. h3 Rc8 23. Rcd1 Qe8 24. Qg3 Kh8 25. a4 b5 26. axb5 axb5 27. Bd4 f6
28. Bc3 Rc5 29. Bb4 Rxd5 30. Rxd5 Qc6 31. Qe3 Re8 32. Rd1 Bf8 33. Be6 Nc4 34.
Qd4 Rb8 35. Qa7 Qb6+ 36. Qxb6 Rxb6 37. b3 Ne5 38. Bd5 Nd7 39. Ra1 Rb8 40. Ra7
Nc5 41. Rf7 Nd3 42. Ba5 Ne5 43. Rc7 g5 44. fxg6 hxg6 45. Bd2 Nd3 46. Be4 Ne5
47. Bd5 Nd3 48. Be4 1/2-1/2

[Event "Olomoucke sachove leto Open senioru"]
[Site "Olomouc"]
[Date "2015.08.16"]
[Round "2.7"]
[White "Doossche, Carlo"]
[Black "Kolmas, Oldrich"]
[Result "1/2-1/2"]
[WhiteElo "1737"]
[BlackElo "1949"]
[PlyCount "58"]
[EventDate "2015.08.15"]

1. c4 e5 2. g3 Nf6 3. Bg2 Bc5 4. Nf3 d6 5. O-O O-O 6. d3 Nc6 7. a3 a5 8. Nc3
Bd7 9. Bg5 h6 10. Bxf6 Qxf6 11. Nd5 Qd8 12. Qd2 Ne7 13. Nxe7+ Qxe7 14. b4 axb4
15. axb4 Bb6 16. e3 e4 17. Nd4 Bxd4 18. exd4 exd3 19. Qxd3 c6 20. Ra5 Rxa5 21.
bxa5 Ra8 22. Qc3 Qf6 23. Qb4 Qxd4 24. Qxb7 Ra7 25. Qb8+ Kh7 26. Qb6 Qc5 27.
Qxc5 dxc5 28. Rd1 Be6 29. Ra1 Ra6 1/2-1/2

[Event "Olomoucke sachove leto Open senioru"]
[Site "Olomouc"]
[Date "2015.08.16"]
[Round "2.8"]
[White "Fiala, Jiri"]
[Black "Kryst, Konrad"]
[Result "1-0"]
[WhiteElo "1922"]
[BlackElo "1697"]
[PlyCount "105"]
[EventDate "2015.08.15"]

1. d4 e6 2. Nf3 Nf6 3. Bf4 d5 4. e3 Bd6 5. Ne5 Nbd7 6. Nd2 Nb6 7. Bd3 Bxe5 8.
dxe5 Ne4 9. Nxe4 dxe4 10. Bxe4 Qxd1+ 11. Rxd1 c6 12. b3 Nd5 13. Ra1 Nxf4 14.
exf4 Ke7 15. O-O Bd7 16. Rad1 g6 17. Rd6 Rhd8 18. Rfd1 Be8 19. c4 Rxd6 20.
exd6+ Kd7 21. c5 f5 22. Bc2 b6 23. b4 b5 24. g3 a5 25. a3 axb4 26. axb4 Ra7 27.
Bb3 Bf7 28. Re1 Ra8 29. Kg2 h6 30. Re2 Ra3 31. Re3 Ra8 32. Kf3 g5 33. fxg5 hxg5
34. Kg2 Rh8 35. Bc2 Ra8 36. Bxf5 Ra4 37. Re4 exf5 38. Re7+ Kd8 39. Rxf7 Rxb4
40. Rc7 Rc4 41. Rxc6 b4 42. Rb6 Rxc5 43. Rxb4 Rd5 44. Rb8+ Kd7 45. Rf8 Kxd6 46.
Rd8+ Ke5 47. Rxd5+ Kxd5 48. h4 g4 49. f3 gxf3+ 50. Kxf3 Ke5 51. Ke3 Kf6 52. Kf4
Kg6 53. Ke5 1-0

[Event "Olomoucke sachove leto GM1"]
[Site "Olomouc"]
[Date "2015.08.16"]
[Round "3.1"]
[White "Rasik, Vitezslav"]
[Black "Repka, Christopher"]
[Result "1-0"]
[WhiteElo "2446"]
[BlackElo "2450"]
[PlyCount "49"]
[EventDate "2015.??.??"]

1. e4 e6 2. d4 d5 3. Nd2 Nf6 4. e5 Nfd7 5. c3 c5 6. Ngf3 Nc6 7. Bd3 g5 8. h3 h5
9. Be2 Rg8 10. g4 Rh8 11. Rg1 hxg4 12. Rxg4 cxd4 13. cxd4 Rxh3 14. Nxg5 Rh1+
15. Nf1 Nb6 16. Bd3 Bb4+ 17. Bd2 Nc4 18. Bxc4 Bxd2+ 19. Qxd2 dxc4 20. Nxf7 Qd5
21. Nd6+ Kd7 22. Rg7+ Ne7 23. O-O-O c3 24. Qxc3 b6 25. Nxc8 1-0

[Event "Olomoucke sachove leto GM1"]
[Site "Olomouc"]
[Date "2015.08.16"]
[Round "3.2"]
[White "Ioannidis, Evgenios"]
[Black "Nguyen, Thai Dai Van"]
[Result "0-1"]
[WhiteElo "2362"]
[BlackElo "2364"]
[PlyCount "98"]
[EventDate "2015.??.??"]

1. d4 Nf6 2. c4 g6 3. Nc3 d5 4. Bf4 Bg7 5. Rc1 O-O 6. e3 Be6 7. Nf3 dxc4 8. e4
Bg4 9. Bxc4 Nh5 10. Be3 Bxf3 11. gxf3 e5 12. dxe5 Bxe5 13. Qxd8 Rxd8 14. b3 c6
15. a4 Nd7 16. O-O Bf4 17. Ne2 Bxe3 18. fxe3 Ne5 19. Nd4 Nxc4 20. Rxc4 Ng7 21.
b4 Ne6 22. b5 cxb5 23. axb5 Rd6 24. Nxe6 Rxe6 25. Rd1 Rb6 26. Rd7 Rxb5 27. Rcc7
Rf8 28. Rxb7 Rxb7 29. Rxb7 Ra8 30. Rb4 a5 31. Ra4 Kf8 32. e5 Ke7 33. f4 Kd7 34.
Kf2 Kc6 35. Kf3 Kb5 36. Ra1 a4 37. f5 gxf5 38. Kf4 a3 39. Kxf5 Ra6 40. e6 fxe6+
41. Kf6 Kb4 42. h4 Kb3 43. e4 Kb2 44. Rh1 a2 45. h5 a1=Q 46. Rxa1 Kxa1 47. Kg7
Ra7+ 48. Kf6 e5 49. Kxe5 Ra5+ 0-1

[Event "Olomoucke sachove leto GM1"]
[Site "Olomouc"]
[Date "2015.08.16"]
[Round "3.3"]
[White "Yagupov, Igor"]
[Black "Marek, Matyas"]
[Result "1/2-1/2"]
[WhiteElo "2348"]
[BlackElo "2344"]
[PlyCount "80"]
[EventDate "2015.??.??"]

1. e4 c5 2. Nf3 d6 3. d4 cxd4 4. Nxd4 Nf6 5. Nc3 a6 6. Be3 e5 7. Nb3 Be6 8. h3
Nbd7 9. g4 b5 10. Bg2 Nb6 11. g5 Nfd7 12. Na5 Rc8 13. Qd2 Be7 14. Nd5 Bxd5 15.
exd5 Nc4 16. Nxc4 Rxc4 17. h4 f5 18. f4 O-O 19. O-O-O Qb8 20. Bf1 Rc7 21. Kb1
Bd8 22. h5 Rb7 23. fxe5 Nxe5 24. Bf4 Re7 25. Rh3 Bb6 26. a4 bxa4 27. Qb4 Bc5
28. Qxa4 Ng4 29. Rb3 Qd8 30. Qxa6 Nf2 31. Rc1 Ra7 32. Qc6 Qa5 33. c3 Ne4 34. h6
Rfa8 35. Rb7 Rxb7 36. Qxb7 Qa2+ 37. Kc2 Qa4+ 38. Kb1 Qa2+ 39. Kc2 Qa4+ 40. Kb1
Qa2+ 1/2-1/2

[Event "Olomoucke sachove leto GM1"]
[Site "Olomouc"]
[Date "2015.08.16"]
[Round "3.4"]
[White "Plat, Vojtech"]
[Black "Zilka, Stepan"]
[Result "0-1"]
[WhiteElo "2458"]
[BlackElo "2508"]
[PlyCount "76"]
[EventDate "2015.??.??"]

1. e4 e5 2. Nf3 Nc6 3. d4 exd4 4. Nxd4 Nf6 5. Nxc6 bxc6 6. e5 Qe7 7. Qe2 Nd5 8.
c4 Ba6 9. Nd2 O-O-O 10. Qe4 Nb6 11. c5 Bxf1 12. cxb6 Ba6 13. bxa7 Kb7 14. Nb3
f6 15. Be3 Qb4+ 16. Qxb4+ Bxb4+ 17. Kd1 fxe5 18. a3 Be7 19. Nc5+ Bxc5 20. Bxc5
d6 21. Be3 c5 22. b4 Kxa7 23. Ke1 Kb7 24. bxc5 d5 25. Bd2 Kc6 26. Bb4 Rhf8 27.
f3 e4 28. Kd2 d4 29. fxe4 Rf2+ 30. Kc1 Rxg2 31. Rb1 Re8 32. Re1 Rxh2 33. Rb3
Re2 34. Rh1 R8xe4 35. Rg3 Ra2 36. Rxh7 Ree2 37. Kb1 Reb2+ 38. Kc1 Rf2 0-1

[Event "Olomoucke sachove leto GM1"]
[Site "Olomouc"]
[Date "2015.08.16"]
[Round "3.5"]
[White "Ivanov, Mikhail M"]
[Black "Simacek, Pavel"]
[Result "0-1"]
[WhiteElo "2408"]
[BlackElo "2461"]
[PlyCount "64"]
[EventDate "2015.??.??"]

1. d4 d5 2. c4 e6 3. Nc3 c6 4. e3 Bd6 5. Bd3 f5 6. Nge2 Nf6 7. f3 O-O 8. Qc2
Na6 9. a3 dxc4 10. Bxc4 b5 11. Bb3 Kh8 12. O-O Rb8 13. Rd1 Qc7 14. h3 c5 15.
dxc5 Nxc5 16. Ba2 b4 17. axb4 Rxb4 18. Nd4 Qb6 19. b3 e5 20. Ndb5 Be7 21. Ba3
a5 22. Rac1 Be6 23. Qe2 Rb8 24. Bxb4 axb4 25. Kh2 bxc3 26. Nxc3 e4 27. f4 Nd3
28. Rb1 Bb4 29. Na4 Qa7 30. Ra1 Nd5 31. Bb1 Nc3 32. Nxc3 Qxa1 0-1

[Event "Olomoucke sachove leto GM2"]
[Site "Olomouc"]
[Date "2015.08.16"]
[Round "3.1"]
[White "Neuman, Petr"]
[Black "Madan, Augustin"]
[Result "1/2-1/2"]
[WhiteElo "2464"]
[BlackElo "2296"]
[PlyCount "95"]
[EventDate "2015.??.??"]

1. d4 d5 2. c4 e6 3. Nc3 Nf6 4. cxd5 exd5 5. Bg5 Be7 6. Qc2 Nbd7 7. e3 O-O 8.
Bd3 Re8 9. Nge2 Nf8 10. O-O c6 11. f3 g6 12. Bh4 Ne6 13. Bf2 b6 14. Rad1 Bb7
15. h3 Nh5 16. Rfe1 Bh4 17. Bxh4 Qxh4 18. Qd2 Ng5 19. f4 Ne6 20. Kh2 Neg7 21.
g3 Qd8 22. Ng1 Nf6 23. Nf3 Qd6 24. Ne5 Bc8 25. e4 Be6 26. Nxf7 Bxf7 27. e5 Qd8
28. exf6 Rxe1 29. Rxe1 Qxf6 30. Re5 Ne6 31. Bf1 Nf8 32. Bg2 Qd6 33. Re1 Nd7 34.
Nd1 Re8 35. Rxe8+ Bxe8 36. Nf2 Bf7 37. Ng4 Be6 38. Ne5 Kg7 39. b4 Bf5 40. Qc3
Nxe5 41. fxe5 Qd7 42. Qe3 h6 43. Qf2 Qf7 44. Kg1 Be6 45. Qc2 Qd7 46. g4 Bf7 47.
Bf1 Be8 48. a3 1/2-1/2

[Event "Olomoucke sachove leto GM2"]
[Site "Olomouc"]
[Date "2015.08.16"]
[Round "3.2"]
[White "Teske, Henrik"]
[Black "Kourousis, Epaminondas"]
[Result "1/2-1/2"]
[WhiteElo "2475"]
[BlackElo "2421"]
[PlyCount "41"]
[EventDate "2015.??.??"]

1. e4 c6 2. c4 d5 3. exd5 cxd5 4. cxd5 Nf6 5. Nc3 Nxd5 6. Nf3 Nc6 7. Bb5 Nxc3
8. bxc3 e6 9. O-O Be7 10. Ne5 Bd7 11. Nxd7 Qxd7 12. d4 O-O 13. Be3 Rfd8 14. Rb1
Rac8 15. Qa4 Bf6 16. Rfd1 a6 17. Be2 Ne7 18. Qa3 Qd6 19. Qxd6 Rxd6 20. Rxb7 Nd5
21. Bd2 1/2-1/2

[Event "Olomoucke sachove leto GM2"]
[Site "Olomouc"]
[Date "2015.08.16"]
[Round "3.3"]
[White "Cernousek, Lukas"]
[Black "Cerveny, Martin"]
[Result "1/2-1/2"]
[WhiteElo "2458"]
[BlackElo "2399"]
[PlyCount "79"]
[EventDate "2015.??.??"]

1. e4 c5 2. Nf3 d6 3. d4 cxd4 4. Nxd4 Nf6 5. Nc3 a6 6. Bg5 e6 7. f4 Qc7 8. Qe2
Nc6 9. O-O-O Be7 10. Nxc6 bxc6 11. e5 dxe5 12. Qxe5 Qxe5 13. fxe5 Nd5 14. Bxe7
Kxe7 15. Ne4 f6 16. c4 Ne3 17. Rd3 Nxc4 18. exf6+ gxf6 19. Rf3 Nd6 20. Nxd6
Kxd6 21. Rxf6 Ra7 22. Bd3 h5 23. Rd1 Rg7 24. Rf2 Kc7 25. Be4 h4 26. Rc2 Bb7 27.
Rd3 Rf8 28. Bf3 e5 29. Rc4 Rf4 30. Rdc3 Rgf7 31. Rxf4 Rxf4 32. Kd2 Kd6 33. Ke3
Rb4 34. Rc2 a5 35. g4 c5 36. Bxb7 Rxb7 37. h3 Kd5 38. Rg2 Ke6 39. Kd3 Rf7 40.
Ke3 1/2-1/2

[Event "Olomoucke sachove leto GM2"]
[Site "Olomouc"]
[Date "2015.08.16"]
[Round "3.4"]
[White "Sergeev, Vladimir"]
[Black "Rydl, Jiri"]
[Result "1/2-1/2"]
[WhiteElo "2452"]
[BlackElo "2419"]
[PlyCount "45"]
[EventDate "2015.??.??"]

1. g3 d5 2. Bg2 c6 3. d3 Nf6 4. f4 g6 5. Nf3 Bg7 6. O-O O-O 7. Qe1 Bg4 8. Ne5
Be6 9. h3 Nfd7 10. Nxd7 Qxd7 11. Kh2 d4 12. Nd2 Bd5 13. Nf3 Qd6 14. c3 c5 15.
e4 dxe3 16. Bxe3 Nc6 17. Qf2 b6 18. Rad1 Rad8 19. a3 Qc7 20. Rfe1 e6 21. Kh1
Rd7 22. g4 Rfd8 23. Rd2 1/2-1/2

[Event "Olomoucke sachove leto GM2"]
[Site "Olomouc"]
[Date "2015.08.16"]
[Round "3.5"]
[White "Camarena Gimenez, Rufino"]
[Black "Plischki, Sebastian"]
[Result "1/2-1/2"]
[WhiteElo "2378"]
[BlackElo "2393"]
[PlyCount "55"]
[EventDate "2015.??.??"]

1. d4 Nf6 2. c4 c5 3. Nf3 cxd4 4. Nxd4 b6 5. Nc3 Bb7 6. f3 Nc6 7. e4 e6 8. Be3
Bc5 9. Be2 O-O 10. Qd2 d5 11. Nxc6 Bxc6 12. Bxc5 bxc5 13. cxd5 exd5 14. exd5
Nxd5 15. O-O Qa5 16. Ne4 Qxd2 17. Nxd2 Rfe8 18. Rfe1 Rab8 19. Bc4 Ne3 20. b3
Rbd8 21. Re2 Nc2 22. Rxe8+ Bxe8 23. Rd1 Kf8 24. Kf2 f6 25. Ke2 Nd4+ 26. Ke1
Nc2+ 27. Ke2 Nd4+ 28. Ke1 1/2-1/2

[Event "Olomoucke sachove leto IM"]
[Site "Olomouc"]
[Date "2015.08.16"]
[Round "3.1"]
[White "Kozusek, Daniel"]
[Black "Zhylkaidarova, Sholpan"]
[Result "1/2-1/2"]
[WhiteElo "2347"]
[BlackElo "2145"]
[PlyCount "45"]
[EventDate "2015.??.??"]

1. e4 e6 2. d4 d5 3. Nd2 Nc6 4. Ngf3 Nf6 5. e5 Nd7 6. Bd3 Nb4 7. Be2 c5 8. c3
Nc6 9. O-O f6 10. Re1 cxd4 11. cxd4 Qb6 12. Nf1 Bb4 13. Bd2 Nxd4 14. Nxd4 Qxd4
15. exf6 Bc5 16. f7+ Kxf7 17. Ne3 Rf8 18. Qc2 Kg8 19. Rad1 Qh4 20. g3 Qf6 21.
Rf1 Qe7 22. Ng4 e5 23. Qb3 1/2-1/2

[Event "Olomoucke sachove leto IM"]
[Site "Olomouc"]
[Date "2015.08.16"]
[Round "3.2"]
[White "Shevchenko, Kirill"]
[Black "Bures, Jaroslav"]
[Result "1/2-1/2"]
[WhiteElo "2265"]
[BlackElo "2384"]
[PlyCount "64"]
[EventDate "2015.??.??"]

1. e4 c6 2. d4 d5 3. exd5 cxd5 4. c4 Nf6 5. Nc3 Nc6 6. Bg5 dxc4 7. Bxc4 h6 8.
Bh4 Qxd4 9. Qxd4 Nxd4 10. O-O-O e5 11. f4 Bg4 12. Nf3 Bxf3 13. gxf3 Rc8 14. Bf1
Nd5 15. fxe5 Nxc3 16. bxc3 Ba3+ 17. Kb1 Nxf3 18. Bh3 Ra8 19. Bd7+ Kf8 20. Bg3
Ng5 21. e6 Ne4 22. Be5 f6 23. Bd4 Ke7 24. Rhe1 Nd6 25. Rg1 g5 26. Rgf1 f5 27.
Kc2 b6 28. Bxh8 Rxh8 29. Rxd6 Bxd6 30. Rxf5 Rf8 31. Rxf8 Kxf8 32. h3 Ke7
1/2-1/2

[Event "Olomoucke sachove leto IM"]
[Site "Olomouc"]
[Date "2015.08.16"]
[Round "3.3"]
[White "Biolek, Richard"]
[Black "Malik, Jan"]
[Result "1-0"]
[WhiteElo "2447"]
[BlackElo "2305"]
[PlyCount "87"]
[EventDate "2015.??.??"]

1. Nf3 d5 2. e3 Nf6 3. c4 c6 4. Nc3 e6 5. Qc2 Nbd7 6. b3 Bd6 7. Bb2 Qe7 8. a3
O-O 9. Be2 dxc4 10. Bxc4 e5 11. h3 Nb6 12. Bd3 Re8 13. Ng5 g6 14. g4 Be6 15.
Nxe6 Qxe6 16. Ne4 Nxe4 17. Bxe4 Nd5 18. Qc4 Rad8 19. g5 Nc7 20. Qc2 Qe7 21. h4
Ne6 22. Ke2 Ng7 23. b4 Rd7 24. d3 Rf8 25. Qc3 f5 26. gxf6 Qxf6 27. Rh2 Rdf7 28.
Rg1 Ne6 29. Qe1 Ng7 30. Rhg2 Qxh4 31. Rh1 Qf6 32. Qg1 Nf5 33. Qh2 Ne7 34. Qh3
Rg7 35. Kd2 Qf7 36. Kc1 Nd5 37. Qh6 Nf6 38. Rh4 a5 39. Bf3 axb4 40. axb4 Nd5
41. Bd1 Nxb4 42. Rxb4 Bxb4 43. Bxe5 Qe7 44. Bb3+ 1-0

[Event "Olomoucke sachove leto IM"]
[Site "Olomouc"]
[Date "2015.08.16"]
[Round "3.4"]
[White "Ovchinnikov, Vsevolod"]
[Black "Soural, Jan"]
[Result "1-0"]
[WhiteElo "2224"]
[BlackElo "2215"]
[PlyCount "37"]
[EventDate "2015.??.??"]

1. d4 Nf6 2. c4 g6 3. Nc3 Bg7 4. e4 O-O 5. Nf3 d6 6. h3 Na6 7. Bg5 Qe8 8. Be2
e5 9. d5 Nh5 10. g3 f6 11. Bd2 f5 12. exf5 gxf5 13. Nh4 Nf6 14. Qc2 e4 15.
O-O-O c6 16. Bf4 cxd5 17. Bxd6 dxc4 18. Bxc4+ Kh8 19. Qb3 1-0

[Event "Olomoucke sachove leto IM"]
[Site "Olomouc"]
[Date "2015.08.16"]
[Round "3.5"]
[White "Paszewski, Mateusz"]
[Black "Jurek, Josef"]
[Result "1/2-1/2"]
[WhiteElo "2292"]
[BlackElo "2285"]
[PlyCount "25"]
[EventDate "2015.??.??"]

1. c4 c5 2. g3 g6 3. Bg2 Bg7 4. Nc3 Nc6 5. Nf3 e6 6. e3 Nge7 7. d4 cxd4 8. Nxd4
Nxd4 9. exd4 d5 10. cxd5 Nxd5 11. O-O O-O 12. Qb3 Qb6 13. Nxd5 1/2-1/2

[Event "Olomoucke sachove leto Open Olomouc"]
[Site "Olomouc"]
[Date "2015.08.16"]
[Round "3.1"]
[White "Krejci, Jan"]
[Black "Galvanek, Ladislav"]
[Result "1-0"]
[WhiteElo "2506"]
[BlackElo "2046"]
[PlyCount "49"]
[EventDate "2015.08.15"]

1. d4 d5 2. c4 e6 3. Nc3 Nf6 4. cxd5 Nxd5 5. e4 Nxc3 6. bxc3 c5 7. a3 cxd4 8.
cxd4 Be7 9. Nf3 O-O 10. Bd3 b6 11. Qe2 Bb7 12. O-O Nc6 13. Bb2 Rc8 14. Rad1 Na5
15. Rfe1 Re8 16. h3 Bf8 17. Ne5 Re7 18. Ng4 Rec7 19. Ne3 Rd7 20. d5 exd5 21.
exd5 g6 22. Ng4 Bg7 23. Bxg7 Kxg7 24. Qb2+ f6 25. Re8 1-0

[Event "Olomoucke sachove leto Open Olomouc"]
[Site "Olomouc"]
[Date "2015.08.16"]
[Round "3.2"]
[White "Tserendorj, Batsaikhan"]
[Black "Studnicka, Tomas"]
[Result "0-1"]
[WhiteElo "2049"]
[BlackElo "2383"]
[PlyCount "56"]
[EventDate "2015.08.15"]

1. d4 Nf6 2. Nf3 g6 3. c4 Bg7 4. Nc3 d5 5. cxd5 Nxd5 6. e4 Nxc3 7. bxc3 c5 8.
Be3 Qa5 9. Nd2 cxd4 10. Nc4 Qc7 11. cxd4 O-O 12. Rc1 Rd8 13. Be2 Bxd4 14. Bxd4
Nc6 15. Ne3 Qa5+ 16. Bc3 Rxd1+ 17. Bxd1 Qxa2 18. O-O Qe6 19. Bf3 Qb3 20. Bd1
Qa3 21. Be2 Be6 22. f4 Qc5 23. Kf2 Rd8 24. Ba1 Qb4 25. Rfd1 Qxe4 26. Bf3 Rxd1
27. Rxd1 Qxf4 28. g3 Qc7 0-1

[Event "Olomoucke sachove leto Open Olomouc"]
[Site "Olomouc"]
[Date "2015.08.16"]
[Round "3.3"]
[White "Zdrazil, Tomas"]
[Black "Karlik, Vladimir"]
[Result "0-1"]
[WhiteElo "2040"]
[BlackElo "2251"]
[PlyCount "64"]
[EventDate "2015.08.15"]

1. e4 g6 2. d4 Bg7 3. Nf3 c6 4. c4 d6 5. Nc3 Nf6 6. Be2 O-O 7. O-O Nbd7 8. e5
dxe5 9. dxe5 Ne8 10. Bg5 Nc7 11. Qd2 Ne6 12. Rad1 Nxg5 13. Nxg5 Bxe5 14. Bg4
Qc7 15. Bxd7 Bxh2+ 16. Kh1 Bf4 17. Qd3 Bxg5 18. Ne4 Bf6 19. Qh3 Rd8 20. Nxf6+
exf6 21. Bxc8 Raxc8 22. Rfe1 Rxd1 23. Rxd1 Rd8 24. Rxd8+ Qxd8 25. Qe3 Qd1+ 26.
Kh2 Qd6+ 27. g3 b6 28. a3 c5 29. Qf3 Kg7 30. Kg2 Qd4 31. Qb7 Qxc4 32. Qxa7 Qb3
0-1

[Event "Olomoucke sachove leto Open Olomouc"]
[Site "Olomouc"]
[Date "2015.08.16"]
[Round "3.4"]
[White "Chkhaidze, Nikoloz"]
[Black "Spanton, Tim"]
[Result "1-0"]
[WhiteElo "2225"]
[BlackElo "1950"]
[PlyCount "69"]
[EventDate "2015.08.15"]

1. Nf3 Nc6 2. d4 d5 3. c4 Bg4 4. Nc3 e6 5. cxd5 exd5 6. Bf4 Bd6 7. Bg3 Nge7 8.
e3 O-O 9. Bd3 Bf5 10. Nxd5 Bxd3 11. Nxe7+ Qxe7 12. Qxd3 Bb4+ 13. Kf1 Rfd8 14.
Qc4 Na5 15. Qxc7 Qxc7 16. Bxc7 Rdc8 17. Bxa5 Bxa5 18. a3 Rc2 19. b4 Bb6 20. g4
Rac8 21. Kg2 R8c3 22. Rhe1 f6 23. Kf1 Kf7 24. Re2 Rc1+ 25. Rxc1 Rxc1+ 26. Re1
Rc3 27. Ra1 Rc2 28. Ne1 Rd2 29. Rc1 Ra2 30. Rc3 a5 31. Nc2 axb4 32. axb4 Rb2
33. Ke2 Rb1 34. Rc8 Rc1 35. Kd3 1-0

[Event "Olomoucke sachove leto Open Olomouc"]
[Site "Olomouc"]
[Date "2015.08.16"]
[Round "3.5"]
[White "Zhou, Guijue"]
[Black "Gantsooj, Ganzorig"]
[Result "1-0"]
[WhiteElo "2207"]
[BlackElo "1800"]
[PlyCount "109"]
[EventDate "2015.08.15"]

1. e4 d6 2. d4 g6 3. Nc3 Bg7 4. Be3 Nd7 5. f4 c5 6. Nf3 Ngf6 7. h3 cxd4 8. Bxd4
O-O 9. Be2 Bh6 10. g3 Qa5 11. Qd3 Nc5 12. Bxc5 Qxc5 13. O-O-O a6 14. Kb1 b5 15.
e5 dxe5 16. Nxe5 Be6 17. Qd4 Qc7 18. Bg4 Rfd8 19. Qe3 Nxg4 20. hxg4 b4 21. Na4
Rxd1+ 22. Rxd1 Rc8 23. Rd2 Qa5 24. b3 Qb5 25. Nb6 Rb8 26. Nbd7 Bxd7 27. Nxd7
Qf1+ 28. Kb2 Bg7+ 29. Ne5 Rc8 30. Qe2 Qg1 31. Qf2 Qxf2 32. Rxf2 Rc3 33. a3 a5
34. axb4 axb4 35. Rd2 Bxe5 36. fxe5 Rxg3 37. Rd4 Re3 38. Rxb4 Rxe5 39. Rd4 f5
40. b4 fxg4 41. Rxg4 Kf7 42. c4 h5 43. Rg1 g5 44. b5 Ke6 45. Rd1 Rc5 46. Kb3 h4
47. Kb4 Rc8 48. b6 g4 49. c5 g3 50. b7 Rb8 51. c6 g2 52. Kc5 h3 53. c7 h2 54.
c8=Q+ Kf6 55. Qc6+ 1-0

[Event "Olomoucke sachove leto Open Olomouc"]
[Site "Olomouc"]
[Date "2015.08.16"]
[Round "3.6"]
[White "Radionov, Timur"]
[Black "Shilov, Sergey"]
[Result "0-1"]
[WhiteElo "1991"]
[BlackElo "2171"]
[PlyCount "56"]
[EventDate "2015.08.15"]

1. e4 g6 2. d4 Bg7 3. Bc4 c6 4. a4 d5 5. exd5 cxd5 6. Bd3 Nc6 7. c3 Nf6 8. f4
Bf5 9. Nf3 Bxd3 10. Qxd3 Ne4 11. O-O f5 12. Nbd2 O-O 13. Ne5 Nxe5 14. fxe5 e6
15. Nxe4 dxe4 16. Qg3 Qd5 17. Be3 Rac8 18. Rfc1 Qb3 19. h4 b6 20. h5 gxh5 21.
Qf2 Kh8 22. Ra3 Qc4 23. Bf4 Rg8 24. b3 Qd3 25. Qe3 Qxe3+ 26. Bxe3 Bf8 27. Ra2
Rg3 28. Kf2 Rxe3 0-1

[Event "Olomoucke sachove leto Open Olomouc"]
[Site "Olomouc"]
[Date "2015.08.16"]
[Round "3.7"]
[White "Musil, Vitezslav"]
[Black "Balokas, Dimitrios"]
[Result "1/2-1/2"]
[WhiteElo "1949"]
[BlackElo "2122"]
[PlyCount "92"]
[EventDate "2015.08.15"]

1. e4 c5 2. Nf3 g6 3. Bc4 Nc6 4. d4 cxd4 5. Nxd4 Bg7 6. Nxc6 bxc6 7. Qf3 Nf6 8.
Nc3 Qa5 9. O-O O-O 10. Rb1 d6 11. h3 Nd7 12. Bb3 Nc5 13. Bd2 Nxb3 14. axb3 Qc7
15. Ne2 f5 16. Ng3 fxe4 17. Qxe4 d5 18. Qe2 e5 19. c4 Qb7 20. b4 Be6 21. b3 e4
22. Rbc1 Rae8 23. Qe3 Qf7 24. Bc3 Bxc3 25. Qxc3 Qf6 26. Qd2 Rf7 27. Qe3 Ref8
28. cxd5 cxd5 29. Ne2 Qh4 30. Nd4 Bc8 31. Ra1 Qh5 32. Qg3 a6 33. Rac1 Qh6 34.
Qe3 Qf4 35. Ne2 Qe5 36. Nd4 Rf4 37. Ne2 R4f7 38. Nd4 Qd6 39. Qc3 Bb7 40. Qd2
Qb6 41. Rc5 Qf6 42. Qe3 Qd6 43. Qc3 Qe5 44. Qe3 Qe7 45. Ne2 Qe5 46. Nd4 Qe7
1/2-1/2